Normal view
MARC view
- أوراكل (لغة برمجة) -- البرمجة (حاسبات إلكترونية) -- الحاسبات الإلكترونية -- لغات -- قواعد البيانات
Entry Topical Term
001 - CONTROL NUMBER
- control field: 44490
003 - CONTROL NUMBER IDENTIFIER
- control field: JO-AjAnu
005 - DATE AND TIME OF LATEST TRANSACTION
- control field: 20230606081351.0
008 - FIXED-LENGTH DATA ELEMENTS
- fixed length control field: 230606|| aca||aabn | a|a d
040 ## - CATALOGING SOURCE
- Original cataloging agency: JO-AjAnu
- Transcribing agency: JO-AjAnu
150 ## - HEADING--TOPICAL TERM
- Topical term or geographic name entry element: أوراكل (لغة برمجة) -- البرمجة (حاسبات إلكترونية) -- الحاسبات الإلكترونية -- لغات -- قواعد البيانات
670 ## - SOURCE DATA FOUND
- Source citation: Work cat.: (JO-AjAnu)22782: تأليف لوني، كيفين؛ ترجمة خالد العامري, author 44489, قواعد بيانات أوراكل 11 جي،المرجع الشامل = Oracle database11G : The complete Reference